| 000 | 00548nam a2200193Ia 4500 | ||
|---|---|---|---|
| 005 | 20240302084943.0 | ||
| 008 | 131103s9999 xx 000 0 und d | ||
| 020 |
_a340182180 _cGBP 1.10 |
||
| 040 | _aLoreto College | ||
| 041 | _aEnglish | ||
| 082 |
_a371 _bFRA |
||
| 100 | _aFraser,Elizabeth D. | ||
| 245 |
_aHome environment and the school _b with a postscript _cElizabeth D. Fraser |
||
| 260 |
_aLondon _bUniversity f London Press _c1973 |
||
| 300 | _avii,288 p. | ||
| 650 | _aSchools and Their Activities | ||
| 850 | _aLCLIB | ||
| 942 | _cBK | ||
| 999 |
_c9127 _d59606 |
||